000 00567nam a2200181 a 4500
001 BRCA_2284
005 20190320203737.0
008 130608s1993----nyua---###---#000-0#eng-#
050 4 _aF1371.M4
_b.B78 1993
100 1 _aBruehl, Anton
_96842
245 1 0 _aFotographs of Mexico
_cAnton Bruehl.
260 _aNew York
_bDelphic Studios
_c1993
300 _a1 v. (sin paginación)
_bil., 25 láminas
_c41 cm.
500 _aIncluye lista de ilustraciones
650 1 4 _aColecciones de fotografías
_zMéxico
_96843
651 4 _aMéxico
_xFotografías
_96844
942 _2lcc
_cB
999 _c2030
_d2030